| 000 | 01368cam a2200337Li 4500 | ||
|---|---|---|---|
| 001 | ocn708355293 | ||
| 003 | TZ-ArACH | ||
| 005 | 20110702145637.0 | ||
| 008 | 100902t20102010fr f bl 001 0 fre d | ||
| 020 | _a9782711014125 (rel) | ||
| 035 | _a(OCoLC)708355293 | ||
| 040 |
_aZWZ _encafnor _bfre _cZWZ _dOCLCQ |
||
| 041 | 0 |
_afre _bfre _ffre |
|
| 049 | _aTZAA | ||
| 050 |
_aKJV 444.21 _b.C63 |
||
| 110 | 1 |
_aFrance, _eAuteur. _91845 |
|
| 245 | 1 | 0 |
_aCode civil 2011 _h[Texte imprimé] / _c[France ; préface de André Lucas, ...]. |
| 250 |
_a30e édition. / _bréalisée par Laurent Leveneur, ... |
||
| 260 |
_aParis : _bLitec-LexisNexis, _cimpr. 2010. |
||
| 300 |
_a1 v. (XLVII-2828 p.) ; _c20 cm. |
||
| 490 | 1 |
_aLes Codes bleus Litec, _x1622-6208 |
|
| 504 | _aNotes bibliogr. Index. | ||
| 562 | _aLe Code civil Litec annoté a été conçu en 1981, puis actualisé au cours des 25 éditions suivantes par André Lucas. | ||
| 650 | 7 |
_aDroit civil _zFrance _xCodes. _2ram _91846 |
|
| 650 | 7 |
_aCivil Law _zFrance _xHistory _91847 |
|
| 700 | 1 |
_aLucas, André _d(1946- ...)., _ePréface. _91848 |
|
| 700 | 1 |
_aLeveneur, Laurent, _d(1959- ...)., _eÉditeur scientifique. _91849 |
|
| 830 | 0 |
_aCodes bleus Litec. _91850 |
|
| 942 |
_2lcc _cBOOK |
||
| 999 |
_c1288 _d1288 |
||